000 00513nam a22001697a 4500
999 _c8921
_d8921
008 210305b ||||| |||| 00| 0 eng d
040 _aBMS College of Architecture
100 _aHolla, H, Abhishek
245 _aCenter for digital Media
300 _a63p.
500 _a1BM08AT001
502 _8B.Arch
_NBMS College of Architecture, Visvesvaraya Technological University (VTU)
_aProject Report
_d2013
650 _aMedia
700 _aVaseem A S
_eGuide
700 _aSathish S Rao
_eGuide
942 _2ddc
_cTHE